Opatrenia na ochranu biodiverzity na úrovni EÚ v kontexte trvalo udržateľného rozvoja bakalárska práca

Saved in:
Bibliographic Details
Main Author: Michalková, Ivana
Corporate Author: Fakulta medzinárodných vzťahov EU. Katedra medzinárodných ekonomických vzťahov a hospodárskej diplomacie
Other Authors: Černota, Mikuláš, 1979-
Format: Book
Language:Slovak
Published: Bratislava 2018
Tags: Add Tag
No Tags, Be the first to tag this record!

MARC

LEADER 00000nbm a2200000 4500
001 0244529
005 20180810103210.5
041 0 |a slo 
044 |a SK 
245 1 0 |a Opatrenia na ochranu biodiverzity na úrovni EÚ v kontexte trvalo udržateľného rozvoja  |b bakalárska práca  |c Ivana Michalková ; školiteľ: Mikuláš Černota 
264 1 |a Bratislava  |c 2018 
300 |a 57 s. 
100 1 |a Michalková, Ivana 
700 1 |a Černota, Mikuláš, 1979- 
710 2 |a Fakulta medzinárodných vzťahov EU. Katedra medzinárodných ekonomických vzťahov a hospodárskej diplomacie